000 00415nam a22001697a 4500
005 20251112165344.0
008 251112b |||||||| |||| 00| 0 eng d
020 _a9781439149959
041 _aEng
082 _a901 DUR
100 _aDurant, Will
245 _aThe Lessons of History
260 _aNew York
_bSimon & Schuster
_c2020
300 _a117;. P. 21 cm
650 _aHistory; Philosophy
942 _cBK
999 _c46511
_d46511